La textura histórica de las formas políticas

Guardat en:
Dades bibliogràfiques
Autor principal: Stolleis, Michael (Autor)
Format: Llibre
Idioma:espanyol
Publicat: Madrid Marcial Pons 2011
Edició:1a. ed
Col·lecció:Colección Teoría Constitucional y Derecho
Matèries:
Etiquetes: Afegir etiqueta
Sense etiquetes, Sigues el primer a etiquetar aquest registre!

MARC

LEADER 00000cam a2200000 a 4500
001 UCD4420
003 CL-VaPUC
008 160708e20110000sp |||||||||||||||||spa|d
020 |a 9788497688666 
082 0 4 |a 340.1  |b STO  |2 21 
100 0 |a Stolleis, Michael  |e author  |9 588110 
245 1 3 |a La textura histórica de las formas políticas 
250 |a 1a. ed 
300 |a 117 p 
942 |c BK 
945 |d 20160708 23:22:00  |a dcastane 
260 |a Madrid  |b Marcial Pons  |c 2011 
650 0 |a Historia del derecho  |9 255109 
650 0 |a Filosofía del derecho   |9 255050 
650 0 |a Ideologías políticas   |9 255735 
583 |a last modification  |c 20160708 23:22:00  |k Rodrigo Vera 
490 0 |a Colección Teoría Constitucional y Derecho 
999 |c 365318  |d 365316 
952 |0 0  |1 0  |3 erb  |4 0  |6 340_100000000000000_STO_2011  |7 0  |8 A  |9 479119  |a BIBDER  |b BIBDER  |i 5297087  |o 340.1 STO 2011  |p 5297087  |r 2023-01-25  |w 2019-11-24  |y BK  |z Catalogado en:20160708  |k DER